Normal view
MARC view
- COMMUNICATIONS RECEIVERS:DSP, SOFTWARE RADIOS, AND DESIGN
Entry Topical Term
001 - CONTROL NUMBER
- control field: 74626
003 - CONTROL NUMBER IDENTIFIER
- control field: NUST
005 - DATE AND TIME OF LATEST TRANSACTION
- control field: 20210628205246.0
008 - FIXED-LENGTH DATA ELEMENTS
- fixed length control field: 210628|| aca||aabn | a|a d
040 ## - CATALOGING SOURCE
- Original cataloging agency: NUST
- Transcribing agency: NUST
150 ## - HEADING--TOPICAL TERM
- Topical term or geographic name entry element: COMMUNICATIONS RECEIVERS:DSP, SOFTWARE RADIOS, AND DESIGN
670 ## - SOURCE DATA FOUND
- Source citation: Work cat.: (NUST): Rohde, Ulrich. L 74625, Communications receivers:dsp, software radios, and design, 2001
